000
00306nam a22001337a 4500
008
170414b xxu||||| |||| 00| 0 eng d
020
_a
0397542828
041
_a
eng
080
_2
17TH
_a
612.39
100
_a
10
101
_a
SHMK
245
_a
NUTRITION IN HEALTH AND DISEASE
_c
ANDERSON
942
_2
udc
_c
BK
999
_c
10842
_d
10842